Every U.S. State once claimed by New York - Statistics

General Stats
  • This quiz has been taken 166 times
  • The average score is 9 of 13
Answer Stats
Year State % Correct
1998 New Jersey
93%
1792 Pennsylvania
92%
1782 Ohio
90%
1791 Vermont
90%
1782 Indiana
84%
1782 Michigan
82%
1782 Illinois
80%
1782 Virginia
68%
1782 West Virginia
66%
1782 Kentucky
65%
1782 Tennessee
61%
1782 Alabama
33%
- New York
30%
No matching quizzes found
Score Distribution
Percent of People with Each Score
Percentile by Number Answered
Your Score History
You have not taken this quiz